000 00192nam a2200073Ia 4500
008 170524s9999 xx 000 0 und d
100 _aKUCHHEL- M.C
245 0 _aBUSINESS LEGISLATION FOR MANAGEMENT
260 _bVIKAS PUB.HOUSE
999 _c8207
_d8207